000 01239nam0a2200301 4500
001 RU\NLR\BIBL_A\022216385
005 20250625161840.0
010 _93000
035 _a(NLR Aleph) 022216385
090 _a13321721
_c13321721
100 _a20240507d1964 |||y0rusy50 ca
101 0 _adar
102 _aRU
105 _aa z 000 y
181 0 _ai
_baxxe
182 0 _an
200 1 _aДарган мез бехIбихьудла школала авъибил класслис учебник
_eДАССР-ла просвещениела Министерстволи кьабулбарибси саби
_eверхIнайс дураибси саби
_fС. Омаров
203 _aТекст
_bвизуальный
_cнепосредственный
205 _a7-е изд.
210 _aМахIячкъала
_cДагъучпедгиз
_d1964
215 _a86,[1] с.
_cил., табл.
_d23
541 1 _aДаргинский яз. для 4 кл. ср. шк.
_eпринято Министерством просвещения ДАССР
_zrus
686 1 _aЧ426.153
700 1 _aОмаров
_bС. М.
_gСаид Магомедович
_4070
852 _aNLR
_bОНЛ
_jДарг./3-464
942 _cBOOK
980 _aNB